|
|
|
|
| LEADER |
00976nam a22002772a 4500 |
| 001 |
000043608 |
| 003 |
CZ BrMZK |
| 005 |
20210917131049.0 |
| 008 |
951201m19899999xr f slo d |
| 015 |
|
|
|a cnb000053381
|
| 020 |
|
|
|a 80-7013-027-X
|
| 035 |
|
|
|a (OCoLC)39408279
|
| 040 |
|
|
|a BOA001
|b cze
|
| 080 |
|
|
|a 616.89
|2 MRF
|
| 100 |
1 |
|
|a Kolibáš, Eduard,
|d 1938-
|7 mzk2002142120
|
| 245 |
1 |
0 |
|a Demencie v involúcii a starobe :
|b pro odborníky psychiatrických a psychologických pracovišť /
|c Eduard Kolibáš
|
| 250 |
|
|
|a 1. vyd.
|
| 260 |
|
|
|a Praha :
|b Novinár,
|c 1989
|
| 300 |
|
|
|a 100 s.
|
| 490 |
1 |
|
|a Zprávy ;
|v sv. 91
|
| 830 |
|
0 |
|a Zprávy (Novinář)
|
| 856 |
4 |
1 |
|u http://www.digitalniknihovna.cz/mzk/uuid/uuid:b71adfe0-c2e4-11e2-8b87-005056827e51
|y Digitalizovaný dokument
|x NDK
|
| 910 |
|
|
|a BOA001
|b PK-0111.695
|
| 964 |
|
|
|a Demence - výklady
|
| 990 |
|
|
|a BK
|
| 996 |
7 |
|
|b 3119986025
|c PK-0111.695
|l MZK
|r Sklad / do 1 hodiny
|n 6
|w 000043608
|u 000010
|a 1
|e BOA001
|j MZK50
|s A
|